000 00618nam a2200217Ia 4500
003 IN-BaIIA
008 211028s9999 xx 000 0 eng d
040 _cIIA Library
080 _a533
_bSAG
100 _aSagdeev, R. Z
_96009
245 0 _aNonlinear plasma theory
_cR. Z. Sagdeev and Galeev A. A
260 _aNew York
_bW. A. Benjamin
_c1969
300 _axii, 122p.
490 _aFrontiers in physics
650 _aAstronomy and astrophysics thesaurus
650 _aNonlinear theory
_96010
650 _aPlasma physics
_93732
650 _aPlasmas
_91898
700 _aGaleev, A. A.
_96011
942 _cBK
999 _c3391
_d3391